000 00958nam a2200253Ia 4500
003 OSt
005 20221005112458.0
006 a|||||r|||| 00| 0
007 ta
008 221004b |||||||| |||| 00| 0 pan d
020 _a9789350683385 (hbk)
_c175
024 _a14059
037 _b873, 14/08/2014, H.K. Prakashan
_cTextual
040 _aCRL
_cCRL
_bpan
041 _2pan
_apan
082 _aO153,3NKA:g, Q3
100 _aਵੀਰਵੰਤੀ ਕੌਰ
245 0 _aਡਾ. Fਰਨਜੀਤ ਕੌਰ ਦੀਆਂ ਕਹਾਣੀਆਂ
_b ਪਰੰਪਰਾਗਤ ਤੋ੍ਵ ਸFੱਕਤ ਔਰਤ ਤੱਕ
260 _aਚੰਡੀਗੜ
_bਲੋਕਗੀਤ ਪ੍ਰਕਾFਨ ਭਾਰਤ
_c2013
300 _a127ਪੰ
_ccm.
650 _aਪੰਜਾਬੀ ਸਾਹਿਤ
942 _hO153,3NKA:g, Q3
_cTEXL
_2cc
999 _c1025006
_d1025006